01846nab a2200277 a 4500003000900000005001700009007000300026008004100029022001400070040003000084041000800114245025300122264015500375300002200530336002700552337003400579338002800613362003800641521056400679650007001243650008301313650006001396773008001456942001501536999001701551DO-SdBNP20250423154227.0ta250423e2005 dr fu|||r||||||0| 0 spa d a0557-7659 aDO-SdBNPbspacBNPHUerda hspa aCasos de lepra multibacilar en pacientes con menos de cinco lesiones reportados entre el 1999-2005 : ben la unidad central del Distrito Nacional dentro del programa de lucha contra la Lepra que se ejecuta el IDCP-DHBD /cInstituto Dermatológico. aSanto Domingo, República Dominicana : bInstituto Dermatológico, Asociación Dominicana de Dermatología, Venereología y Leprología, c2005. apáginas. 57-63. atextobtxt2rdacontent asin mediación bn2rdamedia avolumenbnc2rdacarrier a32 (2) : jul-dic, 2005, p. 57-63. aLa Organizacion Mundial de la Salud recomienda como criterio para clasificar los casos de lepra en multibacilares / paucibilares, y el conteo del número de lesiones cuando la baciloscopia no está disponible o no es confiable. Este estudio, realizado en la unidad de lepra del Distrito Nacional del Programa Control de Lepra ejecutado por el IDCP-DHBC, analiza las características de 67 casos nuevos con 5 o menos lesiones que fueron tratadas como multibacilares, en el período 1999-2005. Palabras Clave: Lepra. Lepra multibacilar. Programa de control. 0aLepravPublicaciones periódicas zRepública Dominicana982179 0aLepra multibacilarvPublicaciones periódicas zRepública Dominicana987506 0aPrograma de controlvPublicaciones periódicas 9875070 0587569323219o2025-3542tRevista dominicana de dermatología /x0557-7659 2ddccISSUE c58766d58766